LEADER 01014nam a2200241 i 4500 001 000000182165 003 CaOOAMICUS 005 20161220000000.0 008 161220s1991 it u000 u ita u 013 $a160101 040 $aSeMil$bita 100 1 $aMalinski, Mieczyslaw.$0(OLS)http://semarc/name/33454 245 10$aPellegrini a Czestochowa /$cMieczyslaw Malinski. 260 $aCinisello Balsamo (MI) :$bPaoline,$c1991. 300 $a251 p., [24] c. di tav. :$bill. ;$c21 cm. 490 0 $aPellegrini ;$v3 650 4$aCz?stochowa - Santuario di Jasna Góra.$0(OLS)http://semarc/subject/46455 830 0$aPellegrini ;$v3.$0(OLS)http://semarc/title/6206 850 $aSeMil 852 $aSeMil$W1$xVenegono$y1$m3V II 281$j132869$B132869$CSeMilBibl$Z2$F216792 $81 961 $aOmaggio: Grampa dott. Cesare 996 $6245$aPellegrini a Czestochowa$9(OLS)http://semarc/title/261426 996 $6260$aCinisello Balsamo (MI) :$bPaoline$9(OLS)http://semarc/publisher/29714 LEADER 00859nam a2200217 i 4500 001 000000072368 003 CaOOAMICUS 005 20090319000000.0 008 090319s1928 it u000 u ita u 013 $a43540 040 $aSeMil$bita 100 1 $aBruers, Antonio.$0(OLS)http://semarc/name/35830 245 13$aLa missione d'Italia nel mondo /$cAntonio Bruers. 260 $aFoligno :$bF. Campitelli,$c1928. 300 $a207 p. ;$c19 cm. 650 4$aFilosofia italiana - Sec. 20.$0(OLS)http://semarc/subject/2305 650 4$aItalia - Civiltą - Sec. 20.$0(OLS)http://semarc/subject/14586 850 $aSeMil 852 $aSeMil$W1$xVenegono$y1$m2Q I 204$j38521$B38521$CSeMilBibl$Z2$F38524 $81 996 $6245$aLa missione d'Italia nel mondo$9(OLS)http://semarc/title/116615 996 $6260$aFoligno :$bF. Campitelli$9(OLS)http://semarc/publisher/35800